| 000 | 00595nai a2200181Ia 4500 | ||
|---|---|---|---|
| 003 | IN-BaIIA | ||
| 008 | 211028c9999 xx s 000 0 eng d | ||
| 022 | _a0378-1097 (Print) | ||
| 022 | _a1574-6968 (Online) | ||
| 040 | _cIIA Library | ||
| 245 | 0 |
_aFEMS Microbiology Letters _h[eJournal] |
|
| 260 |
_aNew Jersey _bJohn Wiley & Sons |
||
| 310 | _aSemi-monthly | ||
| 362 | _a146(1); 1997 - 361(2); 2014 | ||
| 521 | _bSubscribed through National Knowledge Resource Consortium (NKRC) | ||
| 856 |
_uhttps://onlinelibrary.wiley.com/journal/15746968 _yClick Here to Access eJournal |
||
| 942 | _cEJ | ||
| 999 |
_c34373 _d34373 |
||